Dictionnaire de la civilisation égyptienne

Shranjeno v:
Bibliografske podrobnosti
Glavni avtor: Posener, Georges (Author)
Format: Knjiga
Jezik:francoščina
Izdano: París Fernand Hazan 1959
Teme:
Oznake: Označite
Brez oznak, prvi označite!

MARC

LEADER 00000nam a2200000 a 4500
001 UCP8761
003 CL-VaPUC
008 000310e19590000FR |||||||||||||||||fre|d
082 0 4 |a 932.03  |b POS  |2 21 
100 0 |a Posener, Georges  |e author  |9 438951 
245 1 0 |a Dictionnaire de la civilisation égyptienne 
300 |a 323 p 
942 |c BK 
945 |d 20000310 00:00:00  |a rherrera 
260 |a París  |b Fernand Hazan  |c 1959 
650 0 |a Historia antigua  |9 267521 
650 0 |a Civilización egipcia   |9 433926 
650 0 |a Diccionarios  |9 256200 
650 0 |a Religión   |9 255164 
651 0 |a Egipto   |9 268199 
583 |a last modification  |c 20000310 00:00:00  |k Rodrigo Vera 
999 |c 285647  |d 285645 
952 |0 0  |1 0  |4 0  |6 932_030000000000000_POS_1959  |7 0  |8 X  |9 330389  |a BIBHIS  |b BIBHIS  |d 2019-11-20  |i 1394134  |o 932.03 POS 1959  |p 1394134  |r 2024-01-30  |w 2019-11-20  |y BK_X  |k HIS